000 00344nam a22001457a 4500
003 OSt
008 240831b |||||||| |||| 00| 0 eng d
020 _a9788123032177
082 _a613
_bMOQ
100 _aMOHAPATRA, Bimal Chandra
245 _aQuest for Good Health
260 _aDelhi:
_bMIABGI,
_c2019.
300 _a188p.
942 _2ddc
_cBK
999 _c12882
_d12882